000
00229nam a22000857a 4500
999
_c
11002
_d
11002
008
180716b ||||| |||| 00| 0 eng d
100
_a
Doyle Conan
_9
6793
245
_a
The Hound of the Baskerviles
260
_a
New Delhi
_b
Campfire
_c
2016